000 00422nam a2200169Ia 4500
001 14788
003 IN-NITTTR
005 20251114233139.0
008 251113s9999||||xx |||||||||||||| ||eng||
040 _beng
040 _cIN-NITTTR
041 _aeng
082 _a005.3 B388S
100 _aBeck, Leland L.
245 0 _aSystem software :
_b an introduction to systems programming /
_cBeck, Leland L.
942 _2ddc
_cBK
999 _c17424
_d17424